000 00585nam a2200229Ia 4500
005 20250425161959.0
008 250425s9999 xx 000 0 und d
020 _a9682610893
041 _aspa
082 _a620.0046
100 _aDOUNCE VILLANUEVA, ENRIQUE
245 0 _aLA PRODUCTIVIDAD EN EL MANTENIMIENTO INDUSTRIAL
250 _a1A ED.
260 _aMEXICO
260 _aMéxico
_bCECSA
_c2000
300 _a350
650 _aADMINISTRACION DE OPERACIONES
650 _aCOSTOS Y BENEFICIOS
650 _aMANTENIMIENTO INDUSTRIAL
942 _c01
010 _a38609
999 _c220063
_d220063